000 00916cam a22003133a 4500
001 26264
003 PGUSA
005 20140828083551.0
008 080801s2008||||xxu|||||s|||||000 1 eng d
040 _aPGUSA
_beng
042 _adc
050 4 _aPR
100 1 _aHardy, Thomas,
_d1840-1928
245 1 4 _aThe Return of the Native
_h[electronic resource] /
_cThomas Hardy
260 _bProject Gutenberg,
_c2008
506 _aPublic domain in the USA.
516 _aElectronic text
653 _aMate selection -- Fiction
653 _aDidactic fiction
653 _aLove stories
653 _aAdultery -- Fiction
653 _aPeople with visual disabilities -- Fiction
653 _aMothers and sons -- Fiction
653 _aWessex (England) -- Fiction
653 _aHeathlands -- Fiction
830 0 _aProject Gutenberg
_v26264
856 4 0 _uhttp://www.gutenberg.org/ebooks/26264
942 _cEB
999 _c255519
_d255519